|
|
|
|
| LEADER |
00000nam2a2200000 4500 |
| 001 |
327464 |
| 005 |
20231102003949.0 |
| 035 |
|
|
|a (RuTPU)RU\TPU\book\353148
|
| 090 |
|
|
|a 327464
|
| 100 |
|
|
|a 20170131d1977 m y0rusy50 ca
|
| 101 |
0 |
|
|a rus
|
| 102 |
|
|
|a RU
|
| 105 |
|
|
|a y j 000zy
|
| 200 |
0 |
|
|a Т. 2 : Социализм - первая фаза коммунистического способа производства
|e учебник
|f под ред. М. И. Волкова
|
| 205 |
|
|
|a 2-е изд., доп.
|
| 210 |
|
|
|d 1977
|
| 215 |
|
|
|a 574 с.
|
| 461 |
|
1 |
|0 (RuTPU)RU\TPU\book\353191
|t Политическая экономия
|o учебник
|f под ред. А. М. Румянцева
|v Т. 2 : Социализм- первая фаза коммунистического способа производства
|d 1977
|
| 606 |
1 |
|
|a Социализм
|x Политэкономия
|2 stltpush
|3 (RuTPU)RU\TPU\subj\36937
|9 58131
|
| 610 |
1 |
|
|a экономика
|
| 610 |
1 |
|
|a социализм
|
| 610 |
1 |
|
|a этапы развития
|
| 610 |
1 |
|
|a общественная собственность
|
| 610 |
1 |
|
|a товарно-денежные отношения
|
| 610 |
1 |
|
|a планирование
|
| 610 |
1 |
|
|a производительность
|
| 610 |
1 |
|
|a потребление
|
| 610 |
1 |
|
|a накопление
|
| 610 |
1 |
|
|a хозрасчет
|
| 610 |
1 |
|
|a производственные фонды
|
| 610 |
1 |
|
|a кредит
|
| 610 |
1 |
|
|a издержки
|
| 610 |
1 |
|
|a сельское хозяйство
|
| 610 |
1 |
|
|a воспроизводство
|
| 610 |
1 |
|
|a коммунизм
|
| 610 |
1 |
|
|a мировое хозяйство
|
| 686 |
|
|
|a У013.7я73
|v LBC/SL-A
|2 rubbk
|
| 702 |
|
1 |
|a Волков
|b М. И.
|4 340
|
| 801 |
|
1 |
|a RU
|b 63413507
|c 20170131
|
| 801 |
|
2 |
|a RU
|b 63413507
|c 20170201
|g RCR
|
| 942 |
|
|
|c BK
|